000
00292nam a2200121Ia 4500
005
20251222152612.0
008
251222s9999||||xx |||||||||||||| ||spa||
020
_a
8487699049
082
_a
344.4601/B16
100
_a
Baylos Grau, Antonio
245
0
_a
Derecho Penal del trabajo
942
_c
LIB
999
_c
27018
_d
27018